Wyżyny świata - Statystyki

Ogólne statystyki
  • Ten quiz został rozwiązany 2 991 razy
  • Średni wynik to 10 z 19
Odpowiedzi na mapie
Odpowiedzi zakodowano w zielono-czerwonej skali na mapie do tego quizu, zgodnie z poniższymi procentami.
 
Statystyki odpowiedzi
Odpowiedź % Poprawnych
Brazylijska
74%
Meksykańska
68%
Irańska
64%
Gujańska
62%
Lapońska
62%
Wschodnioafrykańska
62%
Bawarska
59%
Tybet
58%
Środkowosyberyjska
56%
Wielkie Równiny
53%
Mongolska
52%
Patagońska
52%
Somalijska
52%
Abisyńska
47%
Wołyńska
44%
Masyw Centralny
43%
Środkoworosyjska
39%
Nadwołżańska
35%
Podolska
30%
Nie znaleziono quizów pasujących do podanych kryteriów
Rozkład punktacji
Procent ludzi z każdym wynikiem
Percentyl według liczby udzielonych odpowiedzi
Twoja historia wyników
Nie rozwiązałeś tego quizu